[Event "4NCL Division One"]
[Site "Warwick, ENG"]
[Date "2023.02.12"]
[Round "6.65"]
[White "Gallagher, Daniel GH"]
[Black "Greet, Andrew N"]
[Result "0-1"]
[WhiteElo "2204"]
[BlackElo "2404"]
[PlyCount "54"]
[EventDate "2023.02.12"]
[WhiteTeam "Cambridge University 1"]
[BlackTeam "Wood Green"]

1. e4 e6 2. d4 d5 3. Nc3 Nf6 4. e5 Nfd7 5. f4 c5 6. Nf3 Nc6 7. Be3 a6 8. a3
cxd4 9. Nxd4 Bc5 10. Qd2 O-O 11. O-O-O Nxd4 12. Bxd4 b5 13. Bxc5 Nxc5 14. Qd4
Qc7 15. h4 Bd7 16. f5 Rac8 17. Kb1 Na4 18. Rh3 exf5 19. Rd2 Be6 20. Nxa4 bxa4
21. Bxa6 Rb8 22. Bd3 Rb6 23. Rf3 Rfb8 24. c3 g6 25. h5 Qe7 26. hxg6 hxg6 27.
Ka1 Rxb2 0-1

[Event "4NCL Division One"]
[Site "Warwick, ENG"]
[Date "2023.02.12"]
[Round "6.66"]
[White "Fitzsimons, David"]
[Black "Lee, Richard W Y"]
[Result "1-0"]
[WhiteElo "2412"]
[BlackElo "2108"]
[PlyCount "53"]
[EventDate "2023.02.12"]
[WhiteTeam "Wood Green"]
[BlackTeam "Cambridge University 1"]

1. e4 e6 2. d4 d5 3. e5 c5 4. c3 Qb6 5. Nf3 Bd7 6. Be2 cxd4 7. cxd4 Bb5 8. Nc3
Bxe2 9. Nxe2 Ne7 10. h4 h5 11. Ng3 Qa6 12. a3 Nbc6 13. Be3 g6 14. Ng5 Bh6 15.
Qf3 Bxg5 16. Bxg5 Qb5 17. O-O-O Nf5 18. Nxf5 gxf5 19. Kb1 a5 20. Rd3 a4 21. Rc1
Na5 22. Rc5 Qd7 23. Bf6 Rh6 24. Qf4 Rg6 25. Rg3 Nc6 26. Qh6 Rxh6 27. Rg8# 1-0

[Event "4NCL Division One"]
[Site "Warwick, ENG"]
[Date "2023.02.12"]
[Round "6.67"]
[White "Hill, Alistair"]
[Black "Toma, Katarzyna"]
[Result "0-1"]
[WhiteElo "2172"]
[BlackElo "2372"]
[PlyCount "76"]
[EventDate "2023.02.12"]
[WhiteTeam "Cambridge University 1"]
[BlackTeam "Wood Green"]

1. e4 c5 2. Nf3 Nc6 3. Bb5 d6 4. O-O Bd7 5. Re1 e5 6. c3 a6 7. Bxc6 Bxc6 8. d4
Qc7 9. dxe5 dxe5 10. c4 Rd8 11. Qc2 Bd6 12. Nc3 Ne7 13. Bg5 f6 14. Be3 O-O 15.
Rac1 b6 16. h4 Qb7 17. Rcd1 Be8 18. Nh2 Nc6 19. Nd5 Nd4 20. Qd3 Rb8 21. Nf1 f5
22. exf5 Nxf5 23. Bg5 Nd4 24. Ng3 Bg6 25. Ne4 Qf7 26. Qg3 Bxe4 27. Rxe4 Nf5 28.
Qg4 Kh8 29. b3 b5 30. Ne3 Nd4 31. Rf1 h6 32. f4 exf4 33. Bxf4 Bxf4 34. Rfxf4
Qxf4 35. Rxf4 Rxf4 36. Qh5 bxc4 37. Nxc4 Nf5 38. Ne5 Rf1+ 0-1

[Event "4NCL Division One"]
[Site "Warwick, ENG"]
[Date "2023.02.12"]
[Round "6.68"]
[White "Haydon, David L"]
[Black "Sivanandan, Bodhana"]
[Result "1-0"]
[WhiteElo "2379"]
[BlackElo "1885"]
[PlyCount "147"]
[EventDate "2023.02.12"]
[WhiteTeam "Wood Green"]
[BlackTeam "Cambridge University 1"]

1. Nf3 Nf6 2. e3 e6 3. b3 Be7 4. Bb2 O-O 5. Be2 b6 6. O-O Bb7 7. c4 d5 8. Nc3
c5 9. d4 Nbd7 10. Rc1 Rc8 11. dxc5 Nxc5 12. Qc2 dxc4 13. bxc4 Nce4 14. Rfd1 Qe8
15. Nd4 Nxc3 16. Qxc3 Qa4 17. Qb3 Bc6 18. Nxc6 Qxc6 19. Bf3 Qc7 20. Qb5 Rfd8
21. Rd4 Rxd4 22. Bxd4 Nd7 23. g3 Bf6 24. Rd1 Bxd4 25. exd4 g6 26. Kg2 Nf6 27.
Rc1 Qd7 28. Qb2 Kg7 29. c5 Nd5 30. cxb6 Rxc1 31. b7 Rc8 32. bxc8=Q Qxc8 33. Qe2
Qc7 34. Bxd5 exd5 35. h4 Qd7 36. Qe5+ f6 37. Qb8 Qe7 38. Kf1 h6 39. a4 Qd7 40.
a5 a6 41. Qb6 Qc8 42. Kg2 Kf7 43. Qa7+ Kg8 44. Qe7 Qc6 45. Qd8+ Kf7 46. Qh8 Qc2
47. Qh7+ Ke6 48. Qg8+ Kd6 49. Qd8+ Ke6 50. Qb6+ Kf5 51. Qxa6 Qe4+ 52. Kh2 Qxd4
53. Qb6 Qa4 54. a6 d4 55. a7 d3 56. Qc5+ Ke4 57. Qe3+ Kf5 58. Qf3+ Ke5 59. a8=Q
Qxa8 60. Qxa8 Kd4 61. Qa1+ Kc4 62. Qxf6 d2 63. Qf3 Kd4 64. Qe3+ Kc4 65. Qxd2 h5
66. Qg5 Kb3 67. Qxg6 Ka2 68. Qb6 Ka3 69. Kg2 Ka2 70. Kf1 Ka3 71. Ke2 Ka4 72.
Kd3 Ka3 73. Kc3 Ka2 74. Qb2# 1-0

[Event "4NCL Division One"]
[Site "Daventry, ENG"]
[Date "2023.03.18"]
[Round "7.11"]
[White "Speelman, Jon S"]
[Black "Roberson, Peter T"]
[Result "0-1"]
[WhiteElo "2492"]
[BlackElo "2497"]
[PlyCount "52"]
[EventDate "2023.03.18"]
[WhiteTeam "Wood Green"]
[BlackTeam "The Sharks 1"]

1. Nf3 d5 2. g3 g6 3. Bg2 Bg7 4. O-O e5 5. d3 Nc6 6. Nbd2 Nge7 7. e4 O-O 8. c3
a5 9. a4 h6 10. exd5 Nxd5 11. Re1 Re8 12. Nc4 Bf5 13. h3 Nb6 14. Nxb6 cxb6 15.
Bf1 Qd7 16. Be3 Bxh3 17. Bxh3 Qxh3 18. Bxb6 Re6 19. Qb3 Ne7 20. Bc5 Nf5 21.
Qxb7 Rae8 22. Nh2 e4 23. Rxe4 Rxe4 24. dxe4 Nxg3 25. fxg3 Qxg3+ 26. Kh1 Rb8 0-1

[Event "4NCL Division One"]
[Site "Daventry, ENG"]
[Date "2023.03.18"]
[Round "7.12"]
[White "Grieve, Harry"]
[Black "McDonald, Neil"]
[Result "1/2-1/2"]
[WhiteElo "2525"]
[BlackElo "2406"]
[PlyCount "63"]
[EventDate "2023.03.18"]
[WhiteTeam "The Sharks 1"]
[BlackTeam "Wood Green"]

1. e4 d5 2. exd5 Qxd5 3. Nc3 Qd8 4. d4 Nf6 5. Nf3 g6 6. h3 Bg7 7. Bc4 O-O 8.
O-O a6 9. a4 b6 10. Bf4 Bb7 11. d5 Ne8 12. Ne5 Nd6 13. Bb3 Nd7 14. Re1 Re8 15.
Qg4 Nxe5 16. Bxe5 Qc8 17. Qd4 Nf5 18. Qf4 Bh6 19. Qf3 Qd7 20. a5 Bg7 21. axb6
cxb6 22. Bxg7 Kxg7 23. Ne4 Rac8 24. c4 f6 25. Red1 Nd6 26. Rac1 Nxe4 27. Qxe4
Qd6 28. Ba4 b5 29. cxb5 Rxc1 30. Rxc1 Bxd5 31. Qd4 axb5 32. Bxb5 1/2-1/2

[Event "4NCL Division One"]
[Site "Daventry, ENG"]
[Date "2023.03.18"]
[Round "7.13"]
[White "Greet, Andrew N"]
[Black "Ghasi, Ameet K"]
[Result "0-1"]
[WhiteElo "2412"]
[BlackElo "2471"]
[PlyCount "92"]
[EventDate "2023.03.18"]
[WhiteTeam "Wood Green"]
[BlackTeam "The Sharks 1"]

1. e4 c6 2. d4 d5 3. e5 Bf5 4. h4 h5 5. Bd3 Bxd3 6. Qxd3 e6 7. Bg5 Qb6 8. Nd2
c5 9. c4 Qxb2 10. Rd1 Nc6 11. Ne2 Nb4 12. Qf3 Nc2+ 13. Kf1 Nxd4 14. Nxd4 Qxd4
15. Qb3 Be7 16. cxd5 exd5 17. Qxb7 Rd8 18. Rh3 Rh6 19. Bxh6 Nxh6 20. Qb5+ Kf8
21. Qe2 Ng4 22. Nf3 Qf4 23. e6 f6 24. Kg1 d4 25. Qd3 f5 26. Re1 g6 27. Rh1 Qc7
28. Nd2 Qa5 29. Re2 Qxa2 30. g3 Qd5 31. Nc4 Rb8 32. f3 Rb4 33. fxg4 Rxc4 34.
Kh2 hxg4 35. Rf1 Rc3 36. Qa6 Qd6 37. Qc8+ Kg7 38. Rg1 Re3 39. Rxe3 dxe3 40. Qd7
Kf6 41. Qxd6 Bxd6 42. Re1 Kxe6 43. Rxe3+ Kd5 44. Kg2 c4 45. Kf1 a5 46. Ke2 a4
0-1

[Event "4NCL Division One"]
[Site "Daventry, ENG"]
[Date "2023.03.18"]
[Round "7.14"]
[White "Moreby, James"]
[Black "Harvey, Marcus R"]
[Result "1/2-1/2"]
[WhiteElo "2446"]
[BlackElo "2469"]
[PlyCount "96"]
[EventDate "2023.03.18"]
[WhiteTeam "The Sharks 1"]
[BlackTeam "Wood Green"]

1. e4 c6 2. d4 d5 3. e5 Bf5 4. Nf3 e6 5. Be2 a6 6. O-O c5 7. c3 Nc6 8. Nbd2
cxd4 9. Nxd4 Nxd4 10. cxd4 Ne7 11. Nf3 h6 12. h3 Nc6 13. Bd3 Bxd3 14. Qxd3 Qb6
15. Bd2 Be7 16. b4 O-O 17. Rfb1 Rfc8 18. a4 Qd8 19. Rb3 Bf8 20. Rab1 Ne7 21. b5
axb5 22. a5 b6 23. axb6 Qxb6 24. Qxb5 Qxb5 25. Rxb5 Rc4 26. R5b4 Rxb4 27. Rxb4
Nc6 28. Rb7 Ra1+ 29. Kh2 Rd1 30. Rb2 g5 31. Rc2 Bb4 32. Rc1 Rxd2 33. Nxd2 Nxd4
34. Ne4 Kg7 35. Nd6 Bd2 36. Rc7 Bf4+ 37. g3 Bxe5 38. Rxf7+ Kg6 39. Rd7 h5 40.
Nf7 Bf6 41. Kg2 Nc6 42. Nd6 Nd4 43. Nb7 h4 44. Nc5 hxg3 45. Kxg3 Kh5 46. Rh7+
Kg6 47. Rd7 Kf5 48. Rf7 Kg6 1/2-1/2

[Event "4NCL Division One"]
[Site "Daventry, ENG"]
[Date "2023.03.18"]
[Round "7.15"]
[White "Fitzsimons, David"]
[Black "Clarke, Brandon G I"]
[Result "1/2-1/2"]
[WhiteElo "2396"]
[BlackElo "2475"]
[PlyCount "52"]
[EventDate "2023.03.18"]
[WhiteTeam "Wood Green"]
[BlackTeam "The Sharks 1"]

1. e4 c5 2. c3 Nf6 3. e5 Nd5 4. Nf3 d6 5. Bb5+ Bd7 6. Bc4 e6 7. d4 cxd4 8. Bxd5
exd5 9. O-O Nc6 10. Bf4 dxe5 11. Nxe5 Qf6 12. Nxc6 Qxc6 13. Qxd4 f6 14. Re1+
Kf7 15. Nd2 Bc5 16. Qd3 Rae8 17. Nb3 Rxe1+ 18. Rxe1 Bb6 19. Be3 Qc4 20. Rd1
Qxd3 21. Rxd3 Re8 22. Rxd5 Bc6 23. Rd3 Bb5 24. Rd5 Bc6 25. Rd3 Bb5 26. Rd5 Bc6
1/2-1/2

[Event "4NCL Division One"]
[Site "Daventry, ENG"]
[Date "2023.03.18"]
[Round "7.16"]
[White "Makkar, Rajat"]
[Black "O`Gorman, Tom"]
[Result "1-0"]
[WhiteElo "2417"]
[BlackElo "2373"]
[PlyCount "49"]
[EventDate "2023.03.18"]
[WhiteTeam "The Sharks 1"]
[BlackTeam "Wood Green"]

1. d4 Nf6 2. c4 e6 3. Nf3 d5 4. Nc3 Be7 5. Bf4 O-O 6. e3 a6 7. c5 Nh5 8. Bd3
Nxf4 9. exf4 b6 10. b4 a5 11. a3 axb4 12. axb4 Rxa1 13. Qxa1 Nc6 14. Qa4 bxc5
15. dxc5 Bf6 16. Ne2 e5 17. Qxc6 e4 18. Bxe4 dxe4 19. Qxe4 Ba6 20. Ne5 Re8 21.
h4 Qd7 22. O-O Bxh4 23. Ra1 Qc8 24. Nd4 Bc4 25. Ndf3 1-0

[Event "4NCL Division One"]
[Site "Daventry, ENG"]
[Date "2023.03.18"]
[Round "7.17"]
[White "Toma, Katarzyna"]
[Black "Dong, Bao Nghia"]
[Result "1-0"]
[WhiteElo "2382"]
[BlackElo "2411"]
[PlyCount "107"]
[EventDate "2023.03.18"]
[WhiteTeam "Wood Green"]
[BlackTeam "The Sharks 1"]

1. e4 e6 2. d4 d5 3. Nc3 Bb4 4. e5 c5 5. a3 Bxc3+ 6. bxc3 Ne7 7. h4 Nbc6 8. h5
h6 9. Qg4 Qc7 10. Qxg7 Rg8 11. Qxh6 cxd4 12. Ne2 dxc3 13. Qf4 Bd7 14. Nxc3 a6
15. Bd2 O-O-O 16. h6 Ng6 17. Qf6 Nh8 18. Rh5 Nd4 19. Rc1 Nf5 20. Rg5 Rxg5 21.
Qxg5 Qxe5+ 22. Ne2 f6 23. Qh5 Be8 24. Qh3 d4 25. Bf4 Qa5+ 26. Bd2 Qd5 27. g4
Nd6 28. Bg2 Qc4 29. Qb3 Bb5 30. Nf4 Rg8 31. a4 Bc6 32. Bxc6 bxc6 33. f3 e5 34.
Nh5 f5 35. g5 f4 36. Ng7 Nhf7 37. Qb6 Nxg5 38. Ba5 Nb5 39. Qxa6+ Kb8 40. Qb6+
Ka8 41. axb5 Qxb5 42. Qxb5 cxb5 43. Ke2 Nf7 44. Rh1 Kb7 45. Kd3 Rh8 46. Nf5 Kc6
47. Rg1 Kd7 48. Rg6 Ra8 49. Bb4 Ra4 50. h7 e4+ 51. Kxe4 d3 52. cxd3 Rxb4+ 53.
d4 Rb1 54. Rg7 1-0

[Event "4NCL Division One"]
[Site "Daventry, ENG"]
[Date "2023.03.18"]
[Round "7.18"]
[White "Foisor, Mihaela-Veronica"]
[Black "Haydon, David L"]
[Result "0-1"]
[WhiteElo "2212"]
[BlackElo "2373"]
[PlyCount "76"]
[EventDate "2023.03.18"]
[WhiteTeam "The Sharks 1"]
[BlackTeam "Wood Green"]

1. c4 Nf6 2. Nc3 d5 3. d4 e6 4. Nf3 Be7 5. e3 O-O 6. Be2 c5 7. O-O dxc4 8. Bxc4
a6 9. a4 Nc6 10. b3 Qc7 11. dxc5 Bxc5 12. Bb2 b6 13. Rc1 Bb7 14. Bd3 Rad8 15.
Qe2 Nb4 16. Bb1 Rd7 17. Rfd1 Rfd8 18. Rxd7 Rxd7 19. h3 h6 20. Na2 Nxa2 21. Bxa2
Qd8 22. Bb1 a5 23. e4 Nh7 24. Bc3 Ng5 25. Ne5 Nxh3+ 26. Kf1 Qg5 27. Re1 Nf4 28.
Qf3 Ba6+ 29. Kg1 Re7 30. Nc4 Bxc4 31. bxc4 Rd7 32. e5 Ng6 33. Bxg6 fxg6 34.
Qa8+ Rd8 35. Qc6 Qf5 36. Qf3 Qxf3 37. gxf3 Rd3 38. Bb2 Rd2 0-1

[Event "4NCL Division One"]
[Site "Daventry, ENG"]
[Date "2023.03.18"]
[Round "7.21"]
[White "Rowson, Jonathan"]
[Black "Gallana, Marco"]
[Result "1/2-1/2"]
[WhiteElo "2542"]
[BlackElo "2250"]
[PlyCount "45"]
[EventDate "2023.03.18"]
[WhiteTeam "Chessable White Rose 1"]
[BlackTeam "Celtic Tigers 1"]

1. d4 Nf6 2. c4 d6 3. Nc3 e5 4. dxe5 dxe5 5. Qxd8+ Kxd8 6. Nf3 Nc6 7. Bg5 Be6
8. Nd5 h6 9. Bxf6+ gxf6 10. O-O-O Kc8 11. e3 f5 12. g3 e4 13. Nh4 Ne5 14. Bh3
Nd3+ 15. Rxd3 exd3 16. Bxf5 Rb8 17. Bxe6+ fxe6 18. Nf4 b5 19. cxb5 Rxb5 20.
Nxd3 Bg7 21. Rd1 Rd8 22. Nf3 c5 23. b3 1/2-1/2

[Event "4NCL Division One"]
[Site "Daventry, ENG"]
[Date "2023.03.18"]
[Round "7.22"]
[White "Healey, Michael W"]
[Black "Emms, John M"]
[Result "1/2-1/2"]
[WhiteElo "2124"]
[BlackElo "2467"]
[PlyCount "106"]
[EventDate "2023.03.18"]
[WhiteTeam "Celtic Tigers 1"]
[BlackTeam "Chessable White Rose 1"]

1. e4 c5 2. Nc3 Nc6 3. Nge2 d6 4. g3 g6 5. Bg2 Bg7 6. O-O Nf6 7. d3 O-O 8. f4
Rb8 9. h3 Nd7 10. Nd5 b5 11. a3 e6 12. Ne3 Ne7 13. Rb1 Bb7 14. b4 cxb4 15. Rxb4
a6 16. Bb2 Bxb2 17. Rxb2 d5 18. exd5 Qb6 19. d4 Bxd5 20. Nxd5 Nxd5 21. Qd2 Qd6
22. Rb3 N7b6 23. g4 Nc4 24. Qc1 Rbc8 25. Rd3 Rfe8 26. Ng3 f5 27. Rf2 Rc7 28. h4
Nf6 29. g5 Nd5 30. h5 Rec8 31. Qe1 Ncb6 32. Ne2 Rxc2 33. hxg6 hxg6 34. Rh3 Qe7
35. Rh6 Qg7 36. Bxd5 Nxd5 37. Nc3 Rc1 38. Qxc1 Rxc3 39. Qe1 Kf7 40. Qe5 Ne3 41.
Qd6 Rc1+ 42. Kh2 Ng4+ 43. Kg2 Nxh6 44. Re2 Kg8 45. gxh6 Qb7+ 46. Kf2 Qd5 47.
Qxe6+ Qxe6 48. Rxe6 Kh7 49. Rxa6 Kxh6 50. Ke2 Kh5 51. Kd2 Rf1 52. Ke3 Re1+ 53.
Kf3 Rd1 1/2-1/2

[Event "4NCL Division One"]
[Site "Daventry, ENG"]
[Date "2023.03.18"]
[Round "7.23"]
[White "Colovic, Aleksandar"]
[Black "Serbanescu, Diana-Maria"]
[Result "1-0"]
[WhiteElo "2440"]
[BlackElo "2062"]
[PlyCount "67"]
[EventDate "2023.03.18"]
[WhiteTeam "Chessable White Rose 1"]
[BlackTeam "Celtic Tigers 1"]

1. e4 d6 2. d4 Nf6 3. Bd3 e5 4. Nf3 Nbd7 5. O-O Be7 6. c3 O-O 7. Re1 Re8 8.
Nbd2 Bf8 9. Nf1 g6 10. Ng3 Bg7 11. h3 a6 12. Bg5 h6 13. Be3 Qe7 14. Qd2 Kh7 15.
Bc2 b6 16. Rad1 Bb7 17. d5 Rf8 18. c4 a5 19. b3 Ba6 20. Qc3 Ng8 21. a3 Kh8 22.
Bb1 Nc5 23. b4 axb4 24. axb4 Nd7 25. Bd3 f5 26. exf5 e4 27. f6 Rxf6 28. Bd4
Rxf3 29. gxf3 Ne5 30. Bxe4 Qh4 31. Bxg6 Qxh3 32. Rxe5 dxe5 33. Bxe5 Qd7 34. Nh5
1-0

[Event "4NCL Division One"]
[Site "Daventry, ENG"]
[Date "2023.03.18"]
[Round "7.24"]
[White "Skulte, Christopher"]
[Black "Camacho Collados, Marcos"]
[Result "0-1"]
[WhiteElo "2078"]
[BlackElo "2460"]
[PlyCount "70"]
[EventDate "2023.03.18"]
[WhiteTeam "Celtic Tigers 1"]
[BlackTeam "Chessable White Rose 1"]

1. e4 c5 2. Nf3 e6 3. d4 cxd4 4. Nxd4 a6 5. Be2 Nf6 6. Qd3 Qc7 7. O-O Nc6 8.
Nxc6 bxc6 9. c4 Bb7 10. f4 d5 11. Nc3 Rd8 12. e5 Nd7 13. Qg3 g6 14. Kh1 Bg7 15.
cxd5 cxd5 16. b3 Bf8 17. Bb2 Qb8 18. Rac1 Nc5 19. b4 Ne4 20. Nxe4 dxe4 21. Qb3
Be7 22. Qa4+ Kf8 23. Rfd1 Kg7 24. Rd7 Rxd7 25. Qxd7 Re8 26. Rc7 Bd5 27. a3 Qa8
28. Ra7 Qb8 29. Bd4 Kh6 30. Bc5 Bxc5 31. Qxf7 Qxa7 32. Qxe8 Be7 33. g4 Kg7 34.
f5 exf5 35. gxf5 gxf5 0-1

[Event "4NCL Division One"]
[Site "Daventry, ENG"]
[Date "2023.03.18"]
[Round "7.25"]
[White "Wells, Peter K"]
[Black "Franco, Gaston"]
[Result "1/2-1/2"]
[WhiteElo "2391"]
[BlackElo "2101"]
[PlyCount "80"]
[EventDate "2023.03.18"]
[WhiteTeam "Chessable White Rose 1"]
[BlackTeam "Celtic Tigers 1"]

1. d4 d5 2. c4 e6 3. Nf3 Nf6 4. g3 Be7 5. Bg2 O-O 6. O-O dxc4 7. Qc2 b6 8. Bg5
Nd5 9. h4 h6 10. Bxe7 Qxe7 11. Qxc4 Ba6 12. Qc2 Nd7 13. Re1 c5 14. Nc3 Nxc3 15.
Qxc3 Bb7 16. Rac1 Rfc8 17. Red1 Nf6 18. Qa3 Ne4 19. Ne5 Qf6 20. Bxe4 Bxe4 21.
Qe3 Bd5 22. dxc5 bxc5 23. b3 Rc7 24. Rd2 a5 25. Rdc2 Rac8 26. f3 Qe7 27. Qf4 f6
28. Ng6 Qe8 29. h5 e5 30. Qg4 Bf7 31. Kf2 Kh7 32. Rd1 Bxg6 33. hxg6+ Qxg6 34.
Qxg6+ Kxg6 35. Rc4 Kf5 36. Rd6 Rc6 37. Rd7 R8c7 38. Rd8 Rc8 39. Rd7 R8c7 40.
Rd8 Rc8 1/2-1/2

[Event "4NCL Division One"]
[Site "Daventry, ENG"]
[Date "2023.03.18"]
[Round "7.26"]
[White "Pedersen, Carsten"]
[Black "Adair, James R"]
[Result "1-0"]
[WhiteElo "2085"]
[BlackElo "2451"]
[PlyCount "91"]
[EventDate "2023.03.18"]
[WhiteTeam "Celtic Tigers 1"]
[BlackTeam "Chessable White Rose 1"]

1. e4 c5 2. Nc3 d6 3. Bb5+ Bd7 4. Bxd7+ Qxd7 5. d4 cxd4 6. Qxd4 Nc6 7. Qd3 g6
8. Nf3 Bg7 9. O-O Nf6 10. Bg5 h6 11. Bc1 Rc8 12. Rd1 O-O 13. a3 Ng4 14. Nd5
Rfd8 15. h3 Nge5 16. Nxe5 Nxe5 17. Qe2 e6 18. Nf4 Qc6 19. c3 b5 20. Nd3 Nc4 21.
Bf4 a5 22. e5 d5 23. b3 Nb6 24. Be3 Nd7 25. Bd4 Qc7 26. Qe3 a4 27. b4 Nb8 28.
Bb6 Qb7 29. Bxd8 Rxd8 30. f4 Rc8 31. Ne1 Nd7 32. Nf3 Nb6 33. Nd2 Rc6 34. Qd3
Nc4 35. Nxc4 Rxc4 36. Qg3 Qc7 37. Rd3 g5 38. Rf1 Re4 39. fxg5 Bxe5 40. Qf3 hxg5
41. Qh5 Bxc3 42. Rxc3 Qxc3 43. Qxf7+ Kh8 44. Qf8+ Kh7 45. Rf7+ Kg6 46. Qg8+ 1-0

[Event "4NCL Division One"]
[Site "Daventry, ENG"]
[Date "2023.03.18"]
[Round "7.27"]
[White "Camacho Collados, Jose"]
[Black "Kelmendi, Bajrush"]
[Result "1-0"]
[WhiteElo "2405"]
[BlackElo "2090"]
[PlyCount "119"]
[EventDate "2023.03.18"]
[WhiteTeam "Chessable White Rose 1"]
[BlackTeam "Celtic Tigers 1"]

1. d4 g6 2. Nf3 Bg7 3. e4 b6 4. c3 Bb7 5. Bd3 e6 6. O-O Ne7 7. Re1 d5 8. e5 Nd7
9. a4 a6 10. h3 c5 11. b3 Qc7 12. Bg5 h6 13. Bh4 Rc8 14. Na3 Nf5 15. Qe2 Ra8
16. Bxf5 gxf5 17. Rac1 Bf8 18. c4 Be7 19. b4 Rc8 20. bxc5 bxc5 21. cxd5 Bxd5
22. Qxa6 Bxf3 23. Bxe7 Rg8 24. Re3 Bxg2 25. Rg3 Rxg3 26. fxg3 Bb7 27. Qd6 Qxd6
28. exd6 cxd4 29. Rxc8+ Bxc8 30. Nb5 Nc5 31. a5 d3 32. Kf2 Kd7 33. Ke3 e5 34.
Bf8 h5 35. Nc7 e4 36. Nd5 Bb7 37. Nf6+ Ke6 38. Nxh5 Nb3 39. Ng7+ Kd7 40. Nxf5
Nxa5 41. Kd4 Nb3+ 42. Kc3 Nc5 43. h4 Ke6 44. g4 Nd7 45. Bg7 f6 46. h5 Kf7 47.
Bh6 Bc8 48. Ne7 Bb7 49. Bf4 Nf8 50. h6 Ke6 51. Nf5 Ba6 52. Kd2 Ng6 53. h7 Nh8
54. Ke3 Bb7 55. Bh6 Nf7 56. Bg7 Bc8 57. Nh6 Nxd6 58. h8=Q Bb7 59. Qg8+ Ke5 60.
Nf7+ 1-0

[Event "4NCL Division One"]
[Site "Daventry, ENG"]
[Date "2023.03.18"]
[Round "7.28"]
[White "Maciol, Ryszard"]
[Black "Navrotescu, Andreea"]
[Result "1/2-1/2"]
[WhiteElo "2136"]
[BlackElo "2258"]
[PlyCount "141"]
[EventDate "2023.03.18"]
[WhiteTeam "Celtic Tigers 1"]
[BlackTeam "Chessable White Rose 1"]

1. d4 d5 2. c4 c6 3. cxd5 cxd5 4. Bf4 Nf6 5. e3 Nc6 6. Bd3 a6 7. Nc3 Bg4 8.
Nge2 e6 9. O-O Bd6 10. Bxd6 Qxd6 11. Rc1 Bxe2 12. Bxe2 O-O 13. Na4 Nd7 14. Qd2
Rfe8 15. a3 e5 16. dxe5 Rxe5 17. Rfd1 Rd8 18. f4 Re6 19. Bg4 Rg6 20. Bf5 Rh6
21. Qxd5 Qe7 22. Qe4 Nf8 23. Qxe7 Rxd1+ 24. Rxd1 Nxe7 25. Be4 b6 26. Rd8 Re6
27. Nc3 g6 28. Kf2 Kg7 29. Bb7 a5 30. Nb5 g5 31. Nc7 Rh6 32. Ne8+ Kg8 33. fxg5
Rxh2 34. Rd6 Ne6 35. Rxb6 Nxg5 36. Rb5 h6 37. Rxa5 Rh1 38. b4 Rb1 39. Nf6+ Kg7
40. Nh5+ Kg6 41. Nf4+ Kg7 42. Nd3 Ng8 43. Ke2 Nf6 44. Nc5 Ng4 45. Ne4 Rb2+ 46.
Kd3 Ne6 47. Ng3 Kf6 48. Bd5 Nc7 49. Bf3 Ne5+ 50. Kc3 Rb1 51. Nh5+ Ke6 52. Kc2
Ra1 53. Rc5 Kd6 54. Kb3 Re1 55. a4 Rxe3+ 56. Rc3 Re1 57. b5 Ne6 58. Ng3 Nc5+
59. Kb4 Ned3+ 60. Ka5 f5 61. Nxf5+ Ke5 62. b6 Kxf5 63. Kb5 Rb1+ 64. Kc4 Nb2+
65. Kd5 Nbxa4 66. Rxc5 Nxc5 67. Kxc5 Ke6 68. Bg4+ Ke7 69. Kc6 Rc1+ 70. Kd5 Rb1
71. Kc6 1/2-1/2

[Event "4NCL Division One"]
[Site "Daventry, ENG"]
[Date "2023.03.18"]
[Round "7.31"]
[White "Erdos, Viktor"]
[Black "Alonso Rosell, Alvar"]
[Result "1/2-1/2"]
[WhiteElo "2587"]
[BlackElo "2567"]
[PlyCount "39"]
[EventDate "2023.03.18"]
[WhiteTeam "Chess.com Manx Liberty"]
[BlackTeam "Cheddleton"]

1. e4 e5 2. Nf3 Nc6 3. Bc4 Nf6 4. Ng5 d5 5. exd5 Na5 6. Bb5+ c6 7. dxc6 bxc6 8.
Bd3 Nd5 9. Nf3 Bd6 10. O-O O-O 11. Re1 f5 12. Nxe5 Qf6 13. Nf3 g5 14. c4 Nf4
15. Bf1 g4 16. d4 gxf3 17. Qxf3 Ne6 18. Qc3 Nxd4 19. c5 Bc7 20. b4 1/2-1/2

[Event "4NCL Division One"]
[Site "Daventry, ENG"]
[Date "2023.03.18"]
[Round "7.32"]
[White "Pert, Nicholas"]
[Black "Parligras, Mircea-Emilian"]
[Result "1/2-1/2"]
[WhiteElo "2544"]
[BlackElo "2554"]
[PlyCount "37"]
[EventDate "2023.03.18"]
[WhiteTeam "Cheddleton"]
[BlackTeam "Chess.com Manx Liberty"]

1. d4 Nf6 2. Nf3 d5 3. c4 e6 4. Nc3 Bb4 5. Qa4+ Nc6 6. e3 O-O 7. Qc2 Qe7 8. Bd2
dxc4 9. Bxc4 e5 10. d5 Qc5 11. Na4 Bxd2+ 12. Nxd2 Nb4 13. Qb3 Qd6 14. Nc3 c6
15. dxc6 Nxc6 16. O-O Bf5 17. Rfd1 Qe7 18. Nd5 Nxd5 19. Bxd5 1/2-1/2

[Event "4NCL Division One"]
[Site "Daventry, ENG"]
[Date "2023.03.18"]
[Round "7.33"]
[White "Lupulescu, Constantin"]
[Black "Williams, Simon K"]
[Result "1/2-1/2"]
[WhiteElo "2580"]
[BlackElo "2461"]
[PlyCount "102"]
[EventDate "2023.03.18"]
[WhiteTeam "Chess.com Manx Liberty"]
[BlackTeam "Cheddleton"]

1. d4 g6 2. e4 Bg7 3. c4 d6 4. Nc3 Nf6 5. Be2 O-O 6. Be3 c5 7. d5 e6 8. Nf3
exd5 9. cxd5 Re8 10. Nd2 Na6 11. O-O Nc7 12. a4 a6 13. Bf4 Rb8 14. a5 Bf8 15.
Rb1 b5 16. axb6 Rxb6 17. Nc4 Rb4 18. f3 Nh5 19. Be3 f5 20. Qd2 Bg7 21. Bd3 Nb5
22. Ne2 a5 23. Bg5 Qc7 24. exf5 Bxf5 25. Bxf5 gxf5 26. Qd3 a4 27. Nc3 Nd4 28.
Rbe1 Rbb8 29. Nxa4 Rxe1 30. Rxe1 Qf7 31. Nc3 Qg6 32. Bd2 Kh8 33. Rf1 Rg8 34.
Rf2 Bf6 35. g4 Nb3 36. Be3 fxg4 37. Qxg6 Rxg6 38. Rg2 gxf3 39. Rxg6 hxg6 40.
Nxd6 Kg7 41. Nb7 Be5 42. Kf2 Nf6 43. Kxf3 Bxh2 44. Bxc5 Nxc5 45. Nxc5 Be5 46.
N5a4 Kf7 47. Nb6 Ke7 48. Ke3 g5 49. Nc4 Bxc3 50. d6+ Ke6 51. bxc3 Ne8 1/2-1/2

[Event "4NCL Division One"]
[Site "Daventry, ENG"]
[Date "2023.03.18"]
[Round "7.34"]
[White "Eggleston, David J"]
[Black "Turner, Matthew J"]
[Result "1/2-1/2"]
[WhiteElo "2360"]
[BlackElo "2441"]
[PlyCount "136"]
[EventDate "2023.03.18"]
[WhiteTeam "Cheddleton"]
[BlackTeam "Chess.com Manx Liberty"]

1. e4 e5 2. Nf3 Nc6 3. Bc4 Bc5 4. c3 Nf6 5. d3 d6 6. b4 Bb6 7. a4 a5 8. b5 Ne7
9. O-O O-O 10. h3 Ng6 11. Re1 h6 12. Nbd2 Nh5 13. d4 Nhf4 14. Nf1 Be6 15. Bxe6
fxe6 16. Be3 exd4 17. cxd4 Qf6 18. N1h2 Qf7 19. g3 Nh5 20. e5 dxe5 21. dxe5
Rad8 22. Qe2 Bxe3 23. Qxe3 Rd5 24. Qc3 Nhf4 25. gxf4 Nxf4 26. Qc2 Qh5 27. Kh1
Nxh3 28. Re3 g5 29. Rf1 g4 30. Ng1 Ng5 31. Rg3 Rd4 32. f3 gxf3 33. Rfxf3 Rfd8
34. Rg2 Kh8 35. Rf1 R8d7 36. Qf2 Kh7 37. Qf8 Rxa4 38. Ngf3 Rg7 39. Nxg5+ hxg5
40. Rgf2 Rh4 41. Kg1 Rf4 42. Qd8 Rgf7 43. Rxf4 gxf4 44. Nf3 Rg7+ 45. Kf2 Qh3
46. Ke1 a4 47. Rf2 a3 48. Qd3+ Kg8 49. Qxa3 Rg1+ 50. Ke2 Rb1 51. Qa2 Rxb5 52.
Qc2 Kf8 53. Qd2 Ke8 54. Qxf4 Qh5 55. Qf6 Qg4 56. Qh8+ Kd7 57. Qh7+ Kc6 58. Qc2+
Rc5 59. Qb2 b5 60. Kf1 Kb6 61. Ke1 Qe4+ 62. Kf1 b4 63. Kg1 Qg4+ 64. Kf1 Rc3 65.
Qe2 c5 66. Qd1 Qc4+ 67. Kg2 Qg4+ 68. Kf1 Qc4+ 1/2-1/2

[Event "4NCL Division One"]
[Site "Daventry, ENG"]
[Date "2023.03.18"]
[Round "7.35"]
[White "Cyborowski, Lukasz"]
[Black "Pert, Richard G"]
[Result "1/2-1/2"]
[WhiteElo "2502"]
[BlackElo "2411"]
[PlyCount "68"]
[EventDate "2023.03.18"]
[WhiteTeam "Chess.com Manx Liberty"]
[BlackTeam "Cheddleton"]

1. c4 e5 2. Nc3 Nc6 3. e3 d6 4. d4 g6 5. dxe5 dxe5 6. Qxd8+ Nxd8 7. b3 Ne6 8.
Bb2 Bg7 9. O-O-O Bd7 10. Nf3 Nh6 11. Be2 f6 12. Rhg1 Nf7 13. g4 O-O-O 14. Nd5
c6 15. Nc3 Kc7 16. Ne4 Bc8 17. Rxd8 Rxd8 18. h4 Re8 19. g5 fxg5 20. hxg5 Nf8
21. Rh1 Bf5 22. Nfd2 b6 23. Ba3 c5 24. Bb2 Rd8 25. Bf3 Kc8 26. Bg2 Rd7 27. Bc3
Rc7 28. Kd1 Ne6 29. Rxh7 Nfxg5 30. Nxg5 Nxg5 31. Rh1 e4 32. Bxg7 Rxg7 33. Rh4
Re7 34. Ke2 Kd7 1/2-1/2